000 00285nam a2200109 4500
999 _c14047
_d14047
008 190730b ||||| |||| 00| 0 eng d
245 _aGoodbye teachers license.
260 _aDavao City:
_bSun Star Davao;
_cc2019.
300 _apage 3.
650 0 _939044
_aTeachers.
942 _2ddc
_cPER